Statistieken voor Drenthe Trivia Quiz

Klik hier om de quiz te nemen!

Algemene statistieken

  • Deze quiz is 543 keer genomen
  • De gemiddelde score is 11 van 20

Antwoordstatistieken

HintAntwoord% Correct
HoofdstadAssen
97%
Aangrenzende provincie in het zuidenOverijssel
94%
Grootste plaatsen na de hoofdstadEmmen
81%
Grafkamers waarvan er 52 in Drenthe zijnHunebedden
80%
Internationale luchthaven in de provincieGroningen Airport Eelde
73%
Motorrace die jaarlijks in Drenthe gehouden wordtTT Assen
73%
Drentse plaats die in het kinderlied Berend Botje een rol speeltZuidlaren
73%
Aangrenzende provincie waarmee Nationaal Park Drents-_____ Wold gedeeld wordtFriesland
71%
Doorgangskamp midden in de provincie dat in de Tweede Wereldoorlog in gebruik wasKamp Westerbork
66%
Grootste plaatsen na de hoofdstadHoogeveen
64%
Grootste plaatsen na de hoofdstadMeppel
59%
Brandstof die veelvuldig in Drenthe gewonnen werdTurf
49%
In latere tijden bestonden er zes van bovenstaande rechtsgebieden, die nu door zes ______ op de vlag van Drenthe worden gesymboliseerd.sterren
45%
Aangrenzende Duitse provincieNedersaksen
40%
Wetenschappelijk instrument aan de rand van dit nationaal park, dat bij de opening in 1956 kort de grootste ter wereld wasDwingeloo Radiotelescoop
37%
Bekend veenlijk dat in Drenthe is opgegravenMeisje van {Yde}
29%
Oudste schapenras in West-EuropaDrents {heide}schaap
24%
Enige nationaal park dat zich volledig in Drenthe bevindtNationaal Park {Dwingelderveld}
22%
Benaming voor een voormalig rechtsgebied in de provincie Drenthe. Drenthe ontleent zijn naam aan dat er oorspronkelijk drie van waren.Dingspel
13%
Slag waar in 1227 de bisschop van Utrecht omkwam tijdens gevechten met de burggraaf van Coevorden en Drentse boerenSlag bij {Ane}
13%

Scoreverdeling

Percentiel versus Aantal Correcte Antwoorden

Procent van Mensen met Elke Score

Uw Scoregeschiedenis

U heeft deze quiz nog niet genomen